| 000 | 00438nam a2200193Ia 4500 | ||
|---|---|---|---|
| 008 | 210210b1949 xxu||||| |||| 00| 0 eng d | ||
| 041 | _aeng | ||
| 082 | _a590/324 | ||
| 100 | _aWHISTLER (H) | ||
| 245 | _aPopular handbook of Indian birds | ||
| 260 |
_aLondon _bGurney & Jackson _c1949 |
||
| 650 | _aPopular | ||
| 650 | _aof | ||
| 650 | _aIndian | ||
| 650 | _ahandbook | ||
| 650 | _abirds | ||
| 690 | _aZoology | ||
| 906 | _a010892 | ||
| 999 |
_c138894 _d138894 |
||